000 00766nam a22002297a 4500
001 48247
003 BD-RjUL
005 20211209054503.0
008 160813s1974 bg ||||| |||| 00| 0 ben d
020 _c: TK 6.50
035 _a(BD-RjUL)48366
040 _aBD-RjUL
_bben
_cBD-RjUL
041 _aben
082 _223
_a891.442
_bISB 1974
100 _aইসলাম, মোজহারুল
_9146116
245 1 0 _aবিচারকের ফাঁসি /
_cমোজহারুল ইসলাম
260 _aঢাকা :
_bবাংলা একাডেমী,
_c১৯৭৪
300 _a৬৪ পৃ. ;
_c২১ সেমি.
650 _aবাংলা নাটক
_9146117
650 _aBengali Drama
_9146118
942 _2ddc
_cBK
999 _c48247
_d48247